000 00242nam a22000977a 4500
999 _c517034
_d517034
082 _aF50841x54 D44
100 _aDas, B.C.
_924235
245 _aPolitical development in India
_cBy B.C. Das
260 _aNew Delhi
_bAshish
_c1978
300 _a392p.